15 Największych miast w Azji Południowo-Wschodniej - Statystyki

Ogólne statystyki
  • Ten quiz został rozwiązany 12 razy
  • Średni wynik to 8 z 15
Odpowiedzi na mapie
Odpowiedzi zakodowano w zielono-czerwonej skali na mapie do tego quizu, zgodnie z poniższymi procentami.
 
Statystyki odpowiedzi
Państwo Miasto Populacja % Poprawnych
Tajlandia Bangkok 5,6 mln
100%
Indonezja Dżakarta 9,6 mln
100%
[Państwo-miasto] Singapur 6,1 mln
100%
Wietnam Hanoi 3,6 mln
90%
Filipiny Manila 1,7 mln
80%
Wietnam Ho Chi Minh 7 mln
70%
Kambodża Phnom Penh 2,2 mln
70%
Indonezja Surabaja 2,8 mln
50%
Mjanma Jangon 4,6 mln
30%
Filipiny Quezon City 2,6 mln
30%
Indonezja Bandung 2,4 mln
20%
Indonezja Bekasi 2,3 mln
10%
Indonezja Depok 1,7 mln
10%
Indonezja Medan 2,1 mln
10%
Indonezja Tangerang 1,8 mln
10%
Nie znaleziono quizów pasujących do podanych kryteriów
Rozkład punktacji
Procent ludzi z każdym wynikiem
Percentyl według liczby udzielonych odpowiedzi
Twoja historia wyników
Nie rozwiązałeś tego quizu